Normal view
MARC view
Entry Personal Name
001 - CONTROL NUMBER
- control field: 556364
003 - CONTROL NUMBER IDENTIFIER
- control field: OSt
005 - DATE AND TIME OF LATEST TRANSACTION
- control field: 20220930094820.0
008 - FIXED-LENGTH DATA ELEMENTS
- fixed length control field: 220930|| aca||aabn | a|a d
040 ## - CATALOGING SOURCE
- Original cataloging agency: OSt
- Transcribing agency: OSt
100 ## - HEADING--PERSONAL NAME
- Personal name: दिल्ली विश्वविद्यालय. संगीत एवं ललित कला संकाय. संगीत एवं ललित कला विभाग
670 ## - SOURCE DATA FOUND
- Source citation: Work cat.: (OSt)887721: पाठक, प्रभाकर नारायाण 167283, मल्लिक घराना दरभंगा घराना के ध्रपुद गायक पं. क्षितिपाल मल्लिक का व्याक्तित्व और कृतित्व, 2014
